Statistiques concernant animaux de a a z

Cliquez ici pour prendre le quiz!

Statistiques générales

  • Ce quiz a été pris 237 fois
  • Le résultat moyen est 18 sur 23

Statistiques - réponses

HintRéponse% Correct
elles font du mielabeille
100%
le plus grand mammifère marinbaleine
100%
animal de compagnie qui fait miaouchat
100%
c'est un chameau à une bossedromadaire
99%
animal qui crachelama
96%
animal de la ferme qui fait bheemouton
95%
enorme singe noirgorille
94%
animal qui vit en Australie dans les arbreskoala
93%
animal de la savane rayé noir et blanczebre
93%
felin tachetejaguar
89%
animal qui vit dans les égoutsrat
86%
animal gris au grandes oreilleselephant
85%
oiseau très coloréeperroquet
84%
un lézardiguane
82%
une sorte d'aiglefaucon
77%
animal de la ferme noir et blancvache
77%
animal marron qui vit dans la foretours
73%
baleine a cornenarval
66%
petit animal qui piquehérisson
61%
animal a cornetaureau
56%
gros animal souvent noir et avec des cornesyack
51%
animal ressemblant a un kangourouwallaby
34%
insecte qui sautesauterele
27%

Distribution des résultats

Percentile par nombre de réponses

% des personnes avec chaque résultat

Votre développement - résultats

Vous n’avez pas pris ce quiz